000 00313 a2200109 4500
001 ART_45464
005 20260410162040.0
008 260409a
245 1 0 _aEl impuesto a la renta financiera, ley 27.430
100 1 _aBello, Alberto M.
773 0 _tImpuestos
_g- NÂș 22 (feb. 2018)
_wREV45175
999 _c34819
_d34819